Where do puddles go? / (Record no. 1762)
[ view plain ]
| 000 -LEADER | |
|---|---|
| fixed length control field | 01206pam a2200349 a 4500 |
| 001 - CONTROL NUMBER | |
| control field | 1762 |
| 003 - CONTROL NUMBER IDENTIFIER | |
| control field | FISKH |
| 005 - DATE AND TIME OF LATEST TRANSACTION | |
| control field | 20250828151754.0 |
| 008 - FIXED-LENGTH DATA ELEMENTS--GENERAL INFORMATION | |
| fixed length control field | 940915s1995 ilua j 001 0 eng |
| 010 ## - LIBRARY OF CONGRESS CONTROL NUMBER | |
| LC control number | 94035629 |
| 020 ## - INTERNATIONAL STANDARD BOOK NUMBER | |
| International Standard Book Number | 0516060368 |
| 040 ## - CATALOGING SOURCE | |
| Original cataloging agency | DLC |
| Transcribing agency | DLC |
| Modifying agency | DLC |
| Language of cataloging | eng |
| 042 ## - AUTHENTICATION CODE | |
| Authentication code | lcac |
| 050 00 - LIBRARY OF CONGRESS CALL NUMBER | |
| Classification number | QC863.5 |
| Item number | .R63 1995 |
| 082 00 - DEWEY DECIMAL CLASSIFICATION NUMBER | |
| Classification number | 551.57 |
| Edition number | 20 |
| 100 1# - MAIN ENTRY--PERSONAL NAME | |
| Personal name | Robinson, Fay. |
| 245 10 - TITLE STATEMENT | |
| Title | Where do puddles go? / |
| Statement of responsibility, etc. | by Fay Robinson. |
| 260 ## - PUBLICATION, DISTRIBUTION, ETC. | |
| Place of publication, distribution, etc. | Chicago : |
| Name of publisher, distributor, etc. | Childrens Press, |
| Date of publication, distribution, etc. | 1995. |
| 300 ## - PHYSICAL DESCRIPTION | |
| Extent | 31 pages : |
| Other physical details | color illustrations ; |
| Dimensions | 19 cm. |
| 440 #0 - SERIES STATEMENT/ADDED ENTRY--TITLE | |
| Title | Rookie read-about science |
| 505 ## - FORMATTED CONTENTS NOTE | |
| Formatted contents note | N<br/><br/> |
| 520 ## - SUMMARY, ETC. | |
| Summary, etc. | Tells all about the earth's water cycle, explaining evaporation and condensation, and the heating and cooling of water vapor in the clouds. |
| 521 8# - TARGET AUDIENCE NOTE | |
| Target audience note | 570<br/> |
| Source | Lexile<br/><br/> |
| 521 8# - TARGET AUDIENCE NOTE | |
| Target audience note | N<br/> |
| Source | Raz-Plus<br/> |
| 650 #0 - SUBJECT ADDED ENTRY--TOPICAL TERM | |
| Topical term or geographic name entry element | Meteorology |
| General subdivision | Juvenile literature. |
| 650 #0 - SUBJECT ADDED ENTRY--TOPICAL TERM | |
| Topical term or geographic name entry element | Water |
| General subdivision | Juvenile literature. |
| 650 #1 - SUBJECT ADDED ENTRY--TOPICAL TERM | |
| Topical term or geographic name entry element | Water. |
| 650 #1 - SUBJECT ADDED ENTRY--TOPICAL TERM | |
| Topical term or geographic name entry element | Hydrologic cycle. |
| 906 ## - LOCAL DATA ELEMENT F, LDF (RLIN) | |
| a | 7 |
| b | cbc |
| c | orignew |
| d | 1 |
| e | ocip |
| f | 19 |
| g | y-gencatlg |
| 942 ## - ADDED ENTRY ELEMENTS (KOHA) | |
| Source of classification or shelving scheme | Dewey Decimal Classification |
| Koha item type | Books |
| Suppress in OPAC | No |
| Withdrawn status | Lost status | Source of classification or shelving scheme | Damaged status | Not for loan | Collection | Home library | Current library | Shelving location | Date acquired | Total Checkouts | Full call number | Barcode | Date last seen | Date last checked out | Copy number | Price effective from | Koha item type |
|---|---|---|---|---|---|---|---|---|---|---|---|---|---|---|---|---|---|
| Dewey Decimal Classification | Non-Fiction | Footprints International School Library Network Toul Kork Campus | Footprints International School Library Network Toul Kork Campus | TK Primary Library Room(4th Floor), Bookcase 3&4, Shelves 17-32, Yellow Books | 09/28/2023 | 2 | ROB 551.57 QC863.R63 | FISBK05504 | 06/09/2025 | 12/03/2024 | 1 | 09/28/2023 | Books | ||||
| Dewey Decimal Classification | Non-Fiction | Footprints International School Library Network Toul Kork Campus | Footprints International School Library Network Toul Kork Campus | TK Primary Library Room(4th Floor), Bookcase 3&4, Shelves 17-32, Yellow Books | 09/28/2023 | 1 | ROB 551.57 QC863.R63 | FISTK01635 | 06/04/2024 | 10/23/2023 | 2 | 09/28/2023 | Books | ||||
| Dewey Decimal Classification | Non-Fiction | Footprints International School Library Network Toul Tom Poung Campus | Footprints International School Library Network Toul Tom Poung Campus | TTP Primary Yellow Bookshelves | 08/28/2025 | ROB 551.57 QC863.R63 | FISTK01628 | 08/28/2025 | 3 | 08/28/2025 | Books |
